000 00447nab a2200145Ia 4500
003 ES-SlBCS
005 20210601124327.0
008 140529s1996 xxu||||| |||| 00| 0 eng d
041 _aeng
100 1 _aRoberts, Peter
_9139812
245 0 0 _aDefending Freirean Intervention
_c Peter Roberts
600 1 _aFreire, Paulo-Intervención Educativa
_9139813
773 0 _tEducational Theory
_gvol. 46, nº. 3, 1996, págs. 335-352
_wRev1399
942 _cAR
999 _c512993
_d512993